000 00559nam a22002177a 4500
003 UA-OsUOA
001 65921
007 ta
008 20091214b un ||||| |||| 00| 0 ukr d
100 _aБазаров В.
090 _a32
_bБ17
942 _cSA
040 _aUA-OsUOA
_brus
_cUA-OsUOA
_dUA-OsUOA
245 _aМонголо-японские дипломатические отношения
300 _aС.157
955 _a0
041 _arus
080 _a32
773 0 _w65918
_tВласть
_dМ.
_d2009
_g9
650 7 _a32 Політика
_2UDC
999 _c351536
_d351536